000 01258nam a2200337Ia 4500
001 ebr10428841
003 CaPaEBR
006 m u
007 cr cn|||||||||
008 100422s2010 maua s 001 0 eng d
010 _z 2010014196
020 _z9780674057197 (alk. paper)
040 _aCaPaEBR
_cCaPaEBR
035 _a(OCoLC)680036313
050 1 4 _aQ172.5.C74
_bE38 2010eb
082 0 4 _a153.3/5
_222
100 1 _aEdwards, David A.,
_d1961-
245 1 4 _aThe lab
_h[electronic resource] :
_bcreativity and culture /
_cDavid Edwards.
260 _aCambridge, Mass. :
_bHarvard University Press,
_c2010.
300 _a208 p. :
_bill.
500 _aIncludes index.
533 _aElectronic reproduction.
_bPalo Alto, Calif. :
_cebrary,
_d2010.
_nAvailable via World Wide Web.
_nAccess may be limited to ebrary affiliated libraries.
650 0 _aCreative ability in science.
650 0 _aLaboratories.
650 0 _aResearch, Industrial
_xLaboratories.
650 0 _aArt and science.
650 0 _aScience in popular culture.
655 7 _aElectronic books.
_2local
710 2 _aebrary, Inc.
856 4 0 _uhttp://site.ebrary.com/lib/rucke/Doc?id=10428841
_zAn electronic book accessible through the World Wide Web; click to view
999 _c145214
_d145214